000 00243nam a2200097Ia 4500
001 1210600
005 20250827024421.0
008 250824s9999 xx 000 0 und d
245 0 _aYARIM KALAN / C4
_cERTÜRK AKŞUN
260 _bDESTEK YAYINLARI
999 _c1210600
_d1210600